02333nam a22003977a 4500003000900000005001700009008004100026040002800067041000800095044000700103110015500110245005300265260008600318300006100404505001100465505001900476505001500495505015800510505020000668505018700868505001601055505016901071505016201240505001401402505017001416505013101586505001001717505002601727505003801753505002001791650001401811650002801825651002601853651002901879651002701908AR-RoUNA20260422085505.0260420b |||||||| |||| 00| 0 spa d aAR-RoUNAbspadAR-RoUNA aspa aag2 aEspaña. Ministerio de Obras Públicas y Urbanismo.bInstituto del Territorio y Urbanismo. Federación Española de Municipios y Provincias Madrid10aPlaneamiento especial y rehabilitación urbana  a Madrid : bCentro de Publicaciones. Secretaría General Técnica, MOP,c1986.  a 168 p. :bil. byn.bplanosbtablasbil. col.c29x21 cm.0 tINDICE0 tPRESENTACIONES0 tSALAMANCA 0 aFernando Contreras Gayoso / Plan Especial de Protección y Reforma Interior del Recinto Universitario y Zona Histórico-Artísitca de Salamanca. p. 110 aManuel Campo Hernández / Política Municipal de Defensa y Recuperación de la Ciudad Histórica. Exposición del PEPRI de Salamanca y de la Política de Rehabilitación de Vivienda. p. 250 aAlberto López Asenjo / Desarrollo y Gestión del PEPRI de Salamanca. Operación Piloto de Actuación Conjunta y Ayuda Municipal a la Rehabilitación. Balance Provisional. p. 270 tPAMPLONA 0 aSigifredo Martín Sánchez y JAvier Torrens Alzu / Plan Especial de Protección y Reforma Interior del Burgo de San Cernin en el Casco Antiguo de Pamplona. p. 330 aJesús Aramendía PArdo / Consideraciones generales. Oficina Municipal de Información y Gestión para la Rehabilitación de vivienda en Pamplona. p. 440 tBARCELONA0 aJuan Busquets Grau y Ricardo Fayos Moles / Nueva Renovación de los Centros históricos. Rehabilitación y Planeamiento Urbanístico. El caso de Barcelona. p. 590 aGermán Vidal Rebull, Antonio Heras González y Amadeo Iglesias Unzue / La rehabilitación de viviendas en Barcelona. p. 680 tANEXO0 aNotas finales. p. 1610 aPersonalidades y ponentes. p. 1640 aAsistentes. 165 4aUrbanismo 4aRehabilitación urbana 4aSalamanca (España)  4a Barcelona (España)  4a Pamplona (España)